Statystyki dla Stolice na Literę - A

Kliknij tutaj aby rozwiązać quiz!

Ogólne statystyki

  • Ten quiz został rozwiązany 21 razy
  • Średni wynik to 8 z 16

Statystyki odpowiedzi

PaństwoStolica% Poprawnych
NiderlandyAmsterdam
95%
GrecjaAteny
75%
TurcjaAnkara
65%
AndoraAndorra la Vella
55%
MadagaskarAntananarywa
55%
KazachstanAstana
55%
AlgieriaAlgier
50%
ParagwajAsunción
50%
NigeriaAbudża
40%
JordaniaAmman
40%
Zjednoczone Emiraty ArabskieAbu Zabi
35%
EtiopiaAddis Abeba
35%
SamoaApia
35%
GhanaAkra
30%
TurkmenistanAszchabad
30%
ErytreaAsmara
20%

Rozkład punktacji

Percentyl według liczby udzielonych odpowiedzi

Procent ludzi z każdym wynikiem

Twoja historia wyników

Nie rozwiązałeś tego quizu